Effective study and thinking skills / (Record no. 72676)
[ view plain ]
| 000 -LEADER | |
|---|---|
| fixed length control field | 00788nam a22002657i 4500 |
| 003 - CONTROL NUMBER IDENTIFIER | |
| control field | URS |
| 005 - DATE AND TIME OF LATEST TRANSACTION | |
| control field | 20230817141501.0 |
| 008 - FIXED-LENGTH DATA ELEMENTS--GENERAL INFORMATION | |
| fixed length control field | 160322s2003 ph ||||| |||| 00| 0 eng d |
| 020 ## - INTERNATIONAL STANDARD BOOK NUMBER | |
| International Standard Book Number | 9714203996 |
| 040 ## - CATALOGING SOURCE | |
| Transcribing agency | URS |
| 050 00 - LIBRARY OF CONGRESS CALL NUMBER | |
| Classification number | LB15 |
| Item number | .B41 2003 |
| 100 1# - MAIN ENTRY--PERSONAL NAME | |
| Personal name | Belen, Venus Mendoza. |
| Relator term | author |
| 245 10 - TITLE STATEMENT | |
| Title | Effective study and thinking skills / |
| 264 #1 - PRODUCTION, PUBLICATION, DISTRIBUTION, MANUFACTURE, AND COPYRIGHT NOTICE | |
| Place of production, publication, distribution, manufacture | Bulacan : |
| Name of producer, publisher, distributor, manufacturer | Trinitas Publishing, Inc., |
| Date of production, publication, distribution, manufacture, or copyright notice | [date of publication not identified]. |
| 264 #4 - PRODUCTION, PUBLICATION, DISTRIBUTION, MANUFACTURE, AND COPYRIGHT NOTICE | |
| Date of production, publication, distribution, manufacture, or copyright notice | ©2003. |
| 300 ## - PHYSICAL DESCRIPTION | |
| Extent | 189 pages : |
| Other physical details | illustrations ; |
| Dimensions | 25 cm |
| 336 ## - CONTENT TYPE | |
| Content type term | text |
| Content type code | txt |
| Source | rdacontent |
| 336 ## - CONTENT TYPE | |
| Content type term | still image |
| Content type code | sti |
| Source | rdacontent |
| 337 ## - MEDIA TYPE | |
| Media type term | unmediated |
| Media type code | n |
| Source | rdamedia |
| 338 ## - CARRIER TYPE | |
| Carrier type term | volume |
| Carrier type code | nc |
| Source | rdacarrier |
| 650 #0 - SUBJECT ADDED ENTRY--TOPICAL TERM | |
| Topical term or geographic name entry element | English |
| 650 #0 - SUBJECT ADDED ENTRY--TOPICAL TERM | |
| Topical term or geographic name entry element | Communication Arts |
| 700 1# - ADDED ENTRY--PERSONAL NAME | |
| Personal name | Biray, Ersyl Tatoy |
| Relator term | author |
| 942 ## - ADDED ENTRY ELEMENTS (KOHA) | |
| Koha item type | Reserved Books |
| Source of classification or shelving scheme | Library of Congress Classification |
| Withdrawn status | Source of classification or shelving scheme | Damaged status | Not for loan | Collection code | Home library | Current library | Shelving location | Date acquired | Total Checkouts | Full call number | Barcode | Date last seen | Price effective from | Koha item type | Copy number |
|---|---|---|---|---|---|---|---|---|---|---|---|---|---|---|---|
| Library of Congress Classification | Non-fiction | Morong Graduate Library | Morong Graduate Library | 04/08/2025 | LB 2395 .Ef36 2003 | URSMOR-GL-5060 | 04/08/2025 | 04/08/2025 | Filipiniana | 1 | |||||
| Library of Congress Classification | Non-fiction | Morong Graduate Library | Morong Graduate Library | 04/08/2025 | LB 2395 .Ef36 2003 | URSMOR-GL-5061 | 04/08/2025 | 04/08/2025 | Filipiniana | 2 | |||||
| Library of Congress Classification | Non-fiction | Morong Graduate Library | Morong Graduate Library | 04/08/2025 | LB 2395 .Ef36 2003 | URSMOR-GL-5062 | 04/08/2025 | 04/08/2025 | Filipiniana | 3 | |||||
| Library of Congress Classification | Non-fiction | Morong Graduate Library | Morong Graduate Library | 04/08/2025 | LB 2395 .Ef36 2003 | URSMOR-GL-5063 | 04/08/2025 | 04/08/2025 | Filipiniana | 4 | |||||
| Library of Congress Classification | Non-fiction | Morong Graduate Library | Morong Graduate Library | 04/08/2025 | LB 2395 .Ef36 2003 | URSMOR-GL-5064 | 04/08/2025 | 04/08/2025 | Filipiniana | 5 | |||||
| Library of Congress Classification | Non-fiction | Tanay College Library | Tanay College Library | Reserve Section | 07/27/2022 | LB15 .B41 2003 | URSTAN-N544 | 02/05/2015 | 02/05/2015 | Filipiniana | |||||
| Library of Congress Classification | Non-fiction | Tanay College Library | Tanay College Library | General Stacks | 07/27/2022 | LB15 .B41 2003 | URSTAN-N545 | 02/05/2015 | 02/05/2015 | Filipiniana | |||||
| Library of Congress Classification | Non-fiction | Tanay College Library | Tanay College Library | General Stacks | 07/27/2022 | LB15 B41 2003 | URSTAN-N326 | 02/05/2015 | 02/05/2015 | Filipiniana | |||||
| Library of Congress Classification | Non-fiction | Tanay College Library | Tanay College Library | General Stacks | 07/27/2022 | LB 15 B41 2003 | URSTAN-N327 | 02/05/2015 | 02/05/2015 | Filipiniana | |||||
| Library of Congress Classification | Quarantine | Non-fiction | Tanay College Library | Tanay College Library | General Stacks | 07/27/2022 | LB15 .B41 2003 | URSTAN-542 | 05/04/2023 | 02/05/2015 | Filipiniana | ||||
| Library of Congress Classification | Non-fiction | Tanay College Library | Tanay College Library | General Stacks | 07/27/2022 | LB15 B41 2003 | URSTAN-N324 | 03/11/2015 | 03/10/2016 | Filipiniana | |||||
| Library of Congress Classification | Non-fiction | Tanay College Library | Tanay College Library | General Stacks | 07/27/2022 | LB 15 B41 2003 | URSTAN-N570 | 03/11/2015 | 03/10/2016 | Filipiniana | |||||
| Library of Congress Classification | Non-fiction | Tanay College Library | Tanay College Library | General Stacks | 07/27/2022 | LB15 B41 2003 | URSTAN-N325 | 03/13/2015 | 03/13/2015 | Filipiniana | |||||
| Library of Congress Classification | Non-fiction | Tanay College Library | Tanay College Library | General Stacks | 07/27/2022 | LB 15 B41 2003 | URSTAN-573 | 03/13/2015 | 03/13/2015 | Filipiniana | |||||
| Library of Congress Classification | Non-fiction | Tanay College Library | Tanay College Library | General Stacks | 07/27/2022 | LB15 B41 2003 | URSTAN-N571 | 03/16/2015 | 03/16/2015 | Filipiniana | |||||
| Library of Congress Classification | Non-fiction | Tanay College Library | Tanay College Library | General Stacks | 07/27/2022 | LB15 B41 2003 | URSTAN-N543 | 03/16/2015 | 03/16/2015 | Filipiniana | |||||
| Library of Congress Classification | Non-fiction | Tanay College Library | Tanay College Library | General Stacks | 07/27/2022 | LB15 B41 2003 | URSTAN-N575 | 04/06/2016 | 04/06/2016 | Filipiniana | |||||
| Library of Congress Classification | Non-fiction | Tanay College Library | Tanay College Library | General Stacks | 07/27/2022 | LB15 B41 2003 | URSTAN-N323 | 05/16/2016 | 05/16/2016 | Filipiniana | |||||
| Library of Congress Classification | Non-fiction | Tanay College Library | Tanay College Library | General Stacks | 07/27/2022 | LB15 B41 2003 | URSTAN-N572 | 03/27/2017 | 05/16/2016 | Filipiniana | |||||
| Library of Congress Classification | Non-fiction | Tanay College Library | Tanay College Library | General Stacks | 07/27/2022 | LB15 B41 2003 | URSTAN-N574 | 08/05/2016 | 08/05/2016 | Filipiniana | |||||
| Library of Congress Classification | Tanay College Library | Tanay College Library | 06/22/2023 | LB15 .B41 2003 | URSTAN-D2128 | 06/22/2023 | 06/22/2023 | Filipiniana | |||||||
| Library of Congress Classification | Tanay College Library | Tanay College Library | 06/22/2023 | LB15 .B41 2003 | URSTAN-D2127 | 06/22/2023 | 06/22/2023 | Filipiniana | |||||||
| Library of Congress Classification | Tanay College Library | Tanay College Library | 06/22/2023 | LB15 .B41 2003 | URSTAN-D2124 | 06/22/2023 | 06/22/2023 | Filipiniana | |||||||
| Library of Congress Classification | Tanay College Library | Tanay College Library | 06/22/2023 | LB15 .B41 2003 | URSTAN-D2123 | 06/22/2023 | 06/22/2023 | Filipiniana | |||||||
| Library of Congress Classification | Tanay College Library | Tanay College Library | 06/22/2023 | LB15 .B41 2003 | URSTAN-D2122 | 06/22/2023 | 06/22/2023 | Filipiniana | |||||||
| Library of Congress Classification | Tanay College Library | Tanay College Library | 06/22/2023 | LB15 .B41 2003 | URSTAN-D2121 | 06/22/2023 | 06/22/2023 | Filipiniana | |||||||
| Library of Congress Classification | Tanay College Library | Tanay College Library | 06/22/2023 | LB15 .B41 2003 | URSTAN-D2125 | 06/22/2023 | 06/22/2023 | Filipiniana |